Normas internacionales de contabilidad 1996: incluye la NIC 32
Wedi'i Gadw mewn:
| Awdur Corfforaethol: | |
|---|---|
| Fformat: | Llyfr |
| Iaith: | Sbaeneg |
| Cyhoeddwyd: |
Ciudad de México
Instituto mexicano de Contadores Públicos
1996
|
| Rhifyn: | 3a. ed |
| Pynciau: | |
| Tagiau: |
Ychwanegu Tag
Dim Tagiau, Byddwch y cyntaf i dagio'r cofnod hwn!
|
MARC
| LEADER | 00000nam a2200000 a 4500 | ||
|---|---|---|---|
| 001 | UCP1168 | ||
| 003 | CL-VaPUC | ||
| 008 | 990401e19960000MX |||||||||||||||||spa|d | ||
| 082 | 0 | 4 | |a 657 |b INT |2 21 |
| 110 | 2 | |a International Acounting Standards Committee |e author |9 427054 | |
| 245 | 1 | 0 | |a Normas internacionales de contabilidad 1996: incluye la NIC 32 |
| 250 | |a 3a. ed | ||
| 300 | |a 562 p | ||
| 942 | |c BK | ||
| 945 | |d 19990401 00:00:00 |a rbrito | ||
| 260 | |a Ciudad de México |b Instituto mexicano de Contadores Públicos |c 1996 | ||
| 650 | 0 | |a Inventarios |9 263681 | |
| 650 | 0 | |a Contabilidad financiera |9 307017 | |
| 650 | 0 | |a Balances |9 356958 | |
| 650 | 0 | |a Activos |x Bienes y derechos |x Contabilidad |9 394752 | |
| 650 | 7 | |a PASIVOS |2 CL-VaPUC |9 394753 | |
| 650 | 7 | |a ESTADOS FINANCIEROS |2 CL-VaPUC |9 427055 | |
| 583 | |a last modification |c 19990401 00:00:00 |k Rodrigo Vera | ||
| 999 | |c 279878 |d 279876 | ||
| 952 | |0 0 |1 0 |4 0 |6 657_000000000000000_INT_1996 |7 0 |8 P |9 319751 |a BIBGIM |b BIBGIM |d 2019-11-20 |i 3492451 |o 657 INT 1996 |p 3492451 |r 2025-01-15 |w 2019-11-20 |y BK |k COM | ||
| 952 | |0 0 |1 0 |4 0 |6 657_000000000000000_INT_1996 |7 0 |8 P |9 319752 |a BIBGIM |b BIBGIM |d 2019-11-20 |i 349246K |o 657 INT 1996 |p 349246K |r 2025-01-15 |w 2019-11-20 |y BK |k COM | ||